| Tag |
First Indicator |
Second Indicator |
Subfields |
| LEADER |
00000cam a2200000 i 4500 |
| 001 |
in00000796113 |
| 005 |
20151017073941.0 |
| 008 |
770811s1977 dcuab b f00000 eng d |
| 010 |
|
|
|a gp 77014861
|
| 020 |
|
|
|c pbk.
|
| 035 |
|
|
|a (OCoLC)03194397
|
| 035 |
|
|
|9 ADQ3963AM
|
| 037 |
|
|
|b 20461
|
| 040 |
|
|
|a GPO
|c GPO
|d MvI-ran
|d UtOrBLW
|
| 043 |
|
|
|a n-us-tx
|
| 074 |
|
|
|a 434-A-9
|
| 086 |
|
|
|a FE 1.21:76/77-6/final/supp./draft
|
| 110 |
1 |
|
|a United States.
|b Strategic Petroleum Reserve Office.
|
| 245 |
1 |
0 |
|a Bryan Mound salt dome :
|b draft supplement : final environmental impact statement.
|
| 264 |
|
1 |
|a [Washington] :
|b Federal Energy Administration, Strategic Petroleum Reserve Office,
|c 1977.
|
| 300 |
|
|
|a approximately 350 pages :
|b illustrations, maps ;
|c 26 cm.
|
| 336 |
|
|
|a text
|b txt
|2 rdacontent
|
| 337 |
|
|
|a unmediated
|b n
|2 rdamedia
|
| 338 |
|
|
|a volume
|b nc
|2 rdacarrier
|
| 490 |
0 |
|
|a FEA 76/77-6
|
| 500 |
|
|
|a "FEA/S-77/211."
|
| 500 |
|
|
|a At head of title: Strategic petroleum reserve.
|
| 500 |
|
|
|a Issued July 1977.
|
| 650 |
|
0 |
|a Salt domes
|z Texas
|z Brazoria County.
|
| 650 |
|
0 |
|a Petroleum products
|x Underground storage
|x Environmental aspects
|z Texas
|z Brazoria County.
|
| 650 |
|
0 |
|a Environmental impact statements.
|
| 740 |
|
|
|a Strategic petroleum reserve.
|
| 999 |
|
|
|a MARS
|
| 999 |
f |
f |
|s 3de115dc-7031-303c-bae1-95bf0bb983e8
|i 39a4f0d9-eb66-311e-b092-4e1ef9e02fe4
|t 0
|
| 952 |
f |
f |
|p normal
|a Texas A&M University
|b College Station
|c Sterling C. Evans Library
|d Evans: US Documents (Annex 5th floor)
|t 0
|e FE 1.21:76/77-6/final/supp./draft
|h Superintendent of Documents classification
|i unmediated -- volume
|m A14838177812
|
| 998 |
f |
f |
|a FE 1.21:76/77-6/final/supp./draft
|t 0
|l Evans: US Documents (Annex 5th floor)
|